| 000 | 00614nam a2200205Ia 4500 | ||
|---|---|---|---|
| 020 | _a(pbk) | ||
| 082 |
_a297.72 _bGUL _cL-30,P-85 |
||
| 100 |
_aGulzar Ahmed _937486 |
||
| 245 | _aThe Battles of the Prophet of Allah (S.A.W.) | ||
| 260 |
_aLahore: _bIslamic Publications, _c1986 |
||
| 300 | _a330p. | ||
| 526 |
_a0 _b0 _c0 _d297_720000000000000_GUL |
||
| 526 |
_a0 _b0 _c0 _d297_720000000000000_GUL |
||
| 526 |
_a0 _b0 _c0 _d297_720000000000000_GUL |
||
| 650 |
_aBadr- Battle of- 624 _937487 |
||
| 650 |
_aIslam -- History _937202 |
||
| 650 |
_aMCE _9379 |
||
| 650 |
_aUhud- Battle of- 625 _937488 |
||
| 942 |
_2ddc _cBK |
||
| 999 |
_c542355 _d542355 |
||